| 000 | 00561nam a2200205 a 4500 | ||
|---|---|---|---|
| 001 | 13681 | ||
| 003 | BD-JhCC | ||
| 005 | 20240313205150.0 | ||
| 008 | 240313b2007 nyu |||| ||a| 001 0 eng d | ||
| 035 | _a(BD-JhCC)13681 | ||
| 040 |
_aBD-JhCC _dBD-JhCC |
||
| 041 | _aenglish | ||
| 082 |
_a930 _bSUE 2007 |
||
| 100 | _aSuetonius | ||
| 245 |
_aThe Twelve Caesars / _cSuetonius |
||
| 260 |
_aLondon: _bPenguin Books; _c2007. |
||
| 300 |
_a524 p, : _bill; _c22 cm |
||
| 650 |
_aAncient History: To C 500 CE _xBiographies _zEmperors Rome Biography |
||
| 942 |
_2ddc _cBK |
||
| 999 |
_c13681 _d13681 |
||